000 00491nam a2200121Ia 4500
008 220620s9999||||xx |||||||||||||| ||und||
100 _aMamun Bin Ibne Reaz||Mohammad Arif Sobhan Bhuiyan
245 0 _aRF Systems, Circuits and Components
546 _aEnglish[eng]
650 _aEngineering||Physical Sciences||Engineering and Technology||Electrical and Electronic Engineering||Telecommunication
856 _uhttps://www.intechopen.com/books/rf-systems-circuits-and-components
942 _cEB
999 _c34774
_d34774